[Event "Lukavac op 8th"]
[Site "Lukavac"]
[Date "2019.11.22"]
[Round "1"]
[White "Muratovic, Adnan"]
[Black "Savic, Petar A"]
[Result "0-1"]
[WhiteElo "1613"]
[BlackElo "2099"]
[PlyCount "68"]
[EventDate "2019.11.22"]
[EventType "swiss"]
[EventRounds "7"]
[EventCountry "BIH"]
[SourceTitle "CBM 193 Extra"]
[Source "ChessBase"]
[SourceDate "2020.01.31"]
[SourceVersion "1"]
[SourceVersionDate "2020.01.31"]
[SourceQuality "1"]

1. e4 e6 2. d4 d5 3. Nd2 c5 4. Bb5+ Bd7 5. Bxd7+ Qxd7 6. Ngf3 cxd4 7. Nxd4 Bc5 8. N2b3 Be7 9. Qe2 Nc6 10. a3 a5 11. Nf3 dxe4 12. Qxe4 Nf6 13. Qe2 a4 14. Nbd2 0-0 15. 0-0 Rfd8 16. Nc4 Qc7 17. Be3 Nd5 18. Bg5 Bxg5 19. Nxg5 Qf4 20. Nf3 Qg4 21. Rfe1 Nf4 22. Qf1 Nh3+ 23. Kh1 Nxf2+ 24. Qxf2 Qxc4 25. Ng5 Rf8 26. Re4 Qd5 27. Qh4 h6 28. Nf3 Qb5 29. Rae1 Qxb2 30. Rg4 Kh8 31. Ng5 Qf6 32. Kg1 Ra5 33. Rf1 Rf5 34. Rxf5 exf5 0-1